Black Magic - Little Mix (All Lyrics) - Statistics

General Stats
  • This quiz has been taken 1,003 times
  • The average score is 364 of 459
Answer Stats
Black Magic % Correct
a
99%
I
98%
the
96%
you
96%
it
95%
love
94%
my
94%
on
94%
and
93%
And
93%
make
92%
be
91%
boy
91%
Boy
91%
black
89%
got
89%
magic
89%
Magic
89%
to
89%
Bridge | Intro All
88%
all
88%
in
88%
me
87%
secret
87%
he
86%
Chorus Take
86%
sip
85%
fall
84%
girls
84%
is
84%
Verse 1 Is
84%
of
84%
potion
84%
your
84%
It's
83%
door
82%
that
82%
at
81%
At
81%
what
81%
What
81%
can't
80%
One
80%
time
80%
boys
79%
broken
79%
get
79%
Pre-Chorus Get
79%
knocking
79%
know
79%
more
79%
called
78%
want
78%
spell
77%
come
76%
Wanna
75%
belong
74%
recipe
73%
enough
72%
I'll
72%
answer
71%
but
71%
Here's
70%
should
70%
block
69%
lover
69%
say
69%
drop
68%
ain't
67%
For
66%
for
66%
loves
66%
still
66%
him
65%
playing
65%
mine
64%
repeat
64%
side?
64%
after
63%
so
63%
you'll
63%
I've
62%
just
62%
knees
61%
his
60%
night
60%
While
59%
been
58%
down
58%
he's
58%
missing
57%
see
57%
ya
57%
Said
56%
Hey!
54%
Hey
54%
honey
54%
It'll
54%
price
54%
taste
54%
up
54%
keep
53%
sweet
53%
Crystal
52%
balling
50%
Full
48%
help
46%
knocked
44%
you're
43%
you've
42%
Verse 2 If
39%
looking
38%
Mister
37%
Right
37%
oh
36%
Outro Falling
35%
falling
35%
fallling
35%
over
35%
Need
32%
change
30%
Now
22%
woah
7%
No matching quizzes found
Score Distribution
Percent of People with Each Score
Percentile by Number Answered
Your Score History
You have not taken this quiz